000 00264nam a2200109Ia 4500
008 200302s9999 xx 000 0 und d
100 _aClive Darlow
245 _aEnclosed shopping Centres
260 _bArchitectural Press Inc.
260 _c1972
300 _a224 P.,
999 _c2219
_d2219